Comprensión y redacción de textos: dificultades y ayudas

Salvato in:
Dettagli Bibliografici
Autore principale: Sánchez Miguel, Emilio (Autore)
Natura: Libro
Lingua:spagnolo
Pubblicazione: Barcelona EDEBE 1998
Serie:Colección Innova
Soggetti:
Tags: Aggiungi Tag
Nessun Tag, puoi essere il primo ad aggiungerne!!

MARC

LEADER 00000nam a2200000 a 4500
001 UCO2972
003 CL-VaPUC
008 000610e19980000SP |||||||||||||||||spa|d
020 |a 8423643492 
082 0 4 |a 418.4  |b SAN  |2 21 
100 0 |a Sánchez Miguel, Emilio  |e author  |9 227 
245 1 0 |a Comprensión y redacción de textos: dificultades y ayudas 
300 |a 278 p 
942 |c BK 
945 |d 20000610 00:00:00  |a rbrito 
260 |a Barcelona  |b EDEBE  |c 1998 
650 0 |a Lingüística aplicada   |9 313266 
650 0 |a Comprensión   |9 339377 
650 0 |a Redacción de textos  |9 446760 
650 0 |a Enseñanza de la lectura  |9 308364 
650 0 |a Lenguaje y lenguas  |9 265846 
650 7 |a EJERCICIOS DE REDACCION  |2 CL-VaPUC  |9 311847 
583 |a last modification  |c 20000610 00:00:00  |k Rodrigo Vera 
490 0 |a Colección Innova 
999 |c 289460  |d 289458 
952 |0 0  |1 0  |4 0  |6 418_400000000000000_SAN_1998  |7 0  |8 A  |9 337870  |a FDOPOS  |b FDOPOS  |d 2019-11-20  |i 3626180  |o 418.4 SAN 1998  |p 3626180  |r 2025-01-22  |w 2019-11-20  |y BK  |k MLA 
952 |0 0  |1 0  |4 0  |6 418_400000000000000_SAN_1998  |7 0  |8 A  |9 337871  |a BIBEDU  |b BIBEDU  |d 2019-11-20  |i 3926303  |o 418.4 SAN 1998  |p 3926303  |r 2019-11-20  |w 2019-11-20  |y BK  |k LIT